00369ntaaa2200145 45000030003000000050017000030080021000200400037000410820017000781000029000952450042001242500031001663000011001976500015002080120251027201558.00714s1973 ag 01  aAR-BaBNbspacAR-BaBNeaacrdRIC a230.0000 J76 aJorje, Maximino Pereira  aFundamentos Genuinos del Cristianismo a1 ed. : bAlianza, cc1928 a237 p. aTeología